000 01031 a2200229 4500
003 NUST
005 20221026132828.0
010 _a 99032152
020 _a0764533150 (alk. paper)
040 _cNust
082 0 0 _a006.6869,MIL
100 1 _aMiller, Deborah,
_9101421
245 1 0 _aCorelDRAW 9 Bible /
_cDeborah Miller.
260 _aFoster City, CA :
_bIDG Books Worldwide,
_cc1999.
300 _axxxiii, 942 p. :
_bill. ;
_c24 cm.
_e+1 computer laser optical disc (4 3/4 in.)
505 _aPart-1: Essentially Corel Draw 9 (Page-19), Part-2: Draw 9 In The Works (Page-271), Part-3: Tricks And Tweaks (Page-435), Part-4:Making It Public With Draw (Page-739).
650 0 _aComputer graphics.
_91225
856 4 2 _3Contributor biographical information
_uhttp://www.loc.gov/catdir/bios/wiley045/99032152.html
856 4 2 _3Publisher description
_uhttp://www.loc.gov/catdir/description/wiley038/99032152.html
856 4 2 _3Table of contents
_uhttp://www.loc.gov/catdir/toc/wiley022/99032152.html
942 _2ddc
_cBK
_k006.6869,MIL
999 _c175228
_d175228